Historias increíbles (Registro nro. 10239)

Detalles MARC
000 -CABECERA
Longitud fija campo de control 00917nam a2200241 a 4500
003 - • IDENTIFICADOR DELl NÚMERO DE CONTROL
Identificador del número de control CO-ViMGA
008 - • CÓDIGOS DE INFORMACIÓN DE LONGITUD FIJA
Códigos de información de longitud fija 141112s2004 ck r 000 u spa d
020 ## - • NÚMERO INTERNACIONAL NORMALIZADO PARA LIBROS
Número Internacional Normalizado para Libros (ISBN) 9587043510
040 ## - FUENTE DE LA CATALOGACIÓN
Centro catalogador de origen CO-ViMGA
Lengua de catalogación spa
Centro transcriptor CO-ViMGA
082 04 - • NÚMERO DE LA CLASIFICACIÓN DECIMAL DEWEY
Número de clasificación (R) ANHb
100 1# - • PUNTO DE ACCESO PRINCIPAL-NOMBRE DE PERSONA
Nombre de persona Anholt, Laurence
245 10 - • TITULO PROPIAMENTE DICHO
Título Historias increíbles
300 ## - • DESCRIPCIÓN FÍSICA
Extensión 3 Vols.
490 0# - • MENCIÓN DE SERIE
Mención de serie Alfaguara Infantil
505 ## - • NOTA DE CONTENIDO CON FORMATO
Nota de contenido con formato Tomo 1 : Ceniciento y el Lobito Caperucito \ Tomo 2 : La Bella Bestia y Blancanieves y los Siete Alienigenas \ Tomo 3 : Los Calzoncillos del emperador y El saxofonista de Hamelón
590 ## - NOTAS LOCALES
Nota local Forma de adquisición : Compra - - Precio : 18.900 - - Proveedor : Dismet - - Fecha de adquisición : 2008
650 14 - • PUNTO DE ACCESO ADICIONAL DE MATERIA - TÉRMINO DE MATERIA
Término de materia o nombre geográfico como elemento inicial CUENTOS INFANTILES INGLESES DEL SIGLO XX
650 14 - • PUNTO DE ACCESO ADICIONAL DE MATERIA - TÉRMINO DE MATERIA
Término de materia o nombre geográfico como elemento inicial HUMOR EN LA LITERATURA
650 14 - • PUNTO DE ACCESO ADICIONAL DE MATERIA - TÉRMINO DE MATERIA
Término de materia o nombre geográfico como elemento inicial MONSTRUOS EN A LITERATURA
942 ## - ENTRADA DE ELEMENTOS AGREGADOS (KOHA)
Fuente de clasificaión o esquema Dewey Decimal Classification
Koha [por defecto] tipo de item LIbro
Existencias
Perdido Fuente de clasificación o esquema Estado Físico No para préstamo Forma de adquisición Localización permanente Localización actual Fecha adquisición Serie de enumeración / cronolog&íacute;a Préstamos totales Signatura completa Código de barras Fecha última consulta Número de copia Fecha del precio de reemplazo Tipo de item de Koha Localización en estanterías
  Dewey Decimal Classification     Colección General Biblioteca Pública José Eustasio Rivera - San Martin Biblioteca Pública José Eustasio Rivera - San Martin 07/10/2024     ANHb SM03196 07/10/2024 Ej.1 07/10/2024 Libro Infantil Estanteria bebes
  Dewey Decimal Classification     Sala General Biblioteca Barrio Porfia - Villavicencio Biblioteca Barrio Porfia - Villavicencio 12/04/2015 Volumen. 1 | 14/dic/2010   ANHb 23781 12/04/2015 Ej. 2 12/04/2015 LIbro  
  Dewey Decimal Classification     Sala Infantil Segundo Piso Biblioteca Pública Germán Arciniegas - Villavicencio Biblioteca Pública Germán Arciniegas - Villavicencio 12/04/2015 Volumen. 1 | 15/dic/2010   ANHb 23805 12/04/2015 Ej. 1 12/04/2015 LIbro  
  Dewey Decimal Classification     Sala Infantil Segundo Piso Biblioteca Pública Germán Arciniegas - Villavicencio Biblioteca Pública Germán Arciniegas - Villavicencio 12/04/2015 Volumen. 2 | 11/jun/2009   ANHb 22586 12/04/2015 Ej. 1 12/04/2015 LIbro  
  Dewey Decimal Classification     Sala Infantil Segundo Piso Biblioteca Pública Germán Arciniegas - Villavicencio Biblioteca Pública Germán Arciniegas - Villavicencio 12/04/2015 Volumen. 3 | 15/dic/2010   ANHb 23806 12/04/2015 Ej. 1 12/04/2015 LIbro  









Instituto Departamental de Cultura del Meta - Red Departamental de Bibliotecas Públicas del Meta.